| 000 | 00457cam a2200205ua 4500 | ||
|---|---|---|---|
| 001 | 10028 | ||
| 005 | 20260515114545.0 | ||
| 008 | 170321n ii |||gr||||Z||||||eng | ||
| 020 | _a8123709706 | ||
| 040 | _cMAIN | ||
| 041 | _aeng | ||
| 082 | _a362.1 | ||
| 100 |
_aMaheshwari, M.C., _eAuthor. |
||
| 245 |
_aHeadache _cBy M.C. Maheshwari |
||
| 250 | _a2nd ed. | ||
| 260 |
_aNew Delhi: _bNBT, _c1998. |
||
| 300 | _a88p. | ||
| 653 | _aDisease | ||
| 942 | _cBK | ||
| 999 |
_c9019 _d9019 |
||